Секция 3: Методы и системы проектирования баз данных; Банки данных

Opis bibliograficzny
Parent link:Банки данных: тезисы докладов второй всесоюзной конференции, Ташкент, 12-14 октября 1983 г./ Институт кибернетики. Секция 3: Методы и системы проектирования баз данных.— , 1983-
Korporacja: Банки данных. Секция 3: Методы и системы проектирования баз данных
Język:rosyjski
Wydane: 1983
Hasła przedmiotowe:
Format: MixedMaterials Książka
KOHA link:https://koha.lib.tpu.ru/cgi-bin/koha/opac-detail.pl?biblionumber=83694

MARC

LEADER 00000nam0a2200000 4500
001 83694
005 20231031100312.0
020 |a RU  |b 83-73836 
035 |a (RuTPU)RU\TPU\book\89990 
090 |a 83694 
100 |a 20051020g1983 k y0rusy5003 ca 
101 0 |a rus 
102 |a UA 
105 |a a z 101zy 
200 0 |a Секция 3: Методы и системы проектирования баз данных 
210 |d 1983 
215 |a 79 с.  |c ил 
320 |a Библиография в конце докладов. 
461 |t Банки данных  |o тезисы докладов второй всесоюзной конференции, Ташкент, 12-14 октября 1983 г.  |f Институт кибернетики  |v Секция 3: Методы и системы проектирования баз данных  |d 1983- 
610 1 |a банки данных 
610 1 |a данные 
610 1 |a проектирование 
610 1 |a методы 
610 1 |a инфологические модели 
610 1 |a автоматизация 
610 1 |a конференции 
675 |a 681.3.016(063)  |z rus 
712 1 2 |a Банки данных. Секция 3: Методы и системы проектирования баз данных  |d 2  |e Ташкент  |f 1983 
801 0 |a RU  |b RuMRKP  |c 19950704  |g psbo 
801 1 |a RU  |b 63413507  |c 20051020  |g PSBO 
801 2 |a RU  |b 63413507  |c 20090605  |g PSBO 
942 |c BK